000 00443nam a2200181Ia 4500
008 230524s9999 xx 000 0 und d
020 _a9788131520284
082 _a658.45
_bLEH
100 _aCarol M.Lehman
245 0 _aBusiness Communication
250 _a2
260 _aDelhi
_bCengage
_c2016
300 _a"x,488p;"
500 _aQuantity Number: 80
650 _aEnglish
700 _a"Debbie D.Dufrene,Mala Sinha"
942 _cBK
999 _c59706
_d59706